Reaching for the stars knowledge transfer at PolyU

This book introduce about an underdog overtakes, driven to succeed, centres of excelence. IP policy and the importance of protection, seeding entrepreneurs, how innovative marketing leads to commercialization...

Wedi'i Gadw mewn:
Manylion Llyfryddiaeth
Fformat: Llyfr
Iaith:Undetermined
Cyhoeddwyd: Hong Kong The Hong Kong Polytechnic University 2009
Pynciau:
Tagiau: Ychwanegu Tag
Dim Tagiau, Byddwch y cyntaf i dagio'r cofnod hwn!
Thư viện lưu trữ: Trung tâm Học liệu Trường Đại học Cần Thơ
LEADER 00739nam a2200169Ia 4500
001 CTU_228489
008 210402s9999 xx 000 0 und d
082 |a 658.47 
082 |b R281 
245 0 |a Reaching for the stars knowledge transfer at PolyU 
260 |a Hong Kong 
260 |b The Hong Kong Polytechnic University 
260 |c 2009 
520 |a This book introduce about an underdog overtakes, driven to succeed, centres of excelence. IP policy and the importance of protection, seeding entrepreneurs, how innovative marketing leads to commercialization... 
650 |a Đối tác chuyển giao tri thức,Knowledge transfer partnerships 
910 |b dqhieu 
980 |a Trung tâm Học liệu Trường Đại học Cần Thơ